Ulises
Wedi'i Gadw mewn:
| Prif Awdur: | |
|---|---|
| Fformat: | Llyfr |
| Iaith: | Sbaeneg |
| Cyhoeddwyd: |
Santiago
Seix Barral
1985
|
| Cyfres: | Obras Maestras de la Literatura Contemporánea Seix Barral
|
| Pynciau: | |
| Tagiau: |
Ychwanegu Tag
Dim Tagiau, Byddwch y cyntaf i dagio'r cofnod hwn!
|
MARC
| LEADER | 00000nam a2200000 a 4500 | ||
|---|---|---|---|
| 001 | UCT2549 | ||
| 003 | CL-VaPUC | ||
| 008 | 961011e19850000CL |||||||||||||||||spa|d | ||
| 082 | 0 | 4 | |a 823 |b JOY |2 21 |
| 100 | |a Joyce, James Augustine |e author |9 498658 | ||
| 245 | 1 | 0 | |a Ulises |
| 300 | |a v | ||
| 942 | |c BK | ||
| 945 | |d 19961011 00:00:00 |a rleighto | ||
| 260 | |a Santiago |b Seix Barral |c 1985 | ||
| 650 | 0 | |a Novelas irlandesas |9 266298 | |
| 583 | |a last modification |c 19961011 00:00:00 |k Rodrigo Vera | ||
| 490 | 0 | |a Obras Maestras de la Literatura Contemporánea Seix Barral | |
| 999 | |c 252607 |d 252605 | ||
| 952 | |0 0 |1 0 |4 0 |6 823_000000000000000_JOY_1985 |7 0 |8 A |9 272544 |a BIBEDU |b BIBEDU |d 2019-11-19 |h v.1 |i 3239756 |l 1 |o 823 JOY 1985 |p 3239756 |r 2022-09-28 |s 2022-09-21 |w 2019-11-19 |y BK |k LIT | ||